Sophocles Antigone: A Critical Study (Record no. 48562)

MARC details
000 -LEADER
fixed length control field 00441nam a2200145Ia 4500
008 - FIXED-LENGTH DATA ELEMENTS--GENERAL INFORMATION
fixed length control field 211109s9999||||xx |||||||||||||| ||und||
082 ## - DEWEY DECIMAL CLASSIFICATION NUMBER
Classification number 880.2
Item number LAL-S
100 ## - MAIN ENTRY--PERSONAL NAME
Personal name Lall, Ramji
245 #0 - TITLE STATEMENT
Title Sophocles Antigone: A Critical Study
260 ## - PUBLICATION, DISTRIBUTION, ETC.
Name of publisher, distributor, etc. Rama Brothers
Place of publication, distribution, etc. India
Date of publication, distribution, etc. 1994
300 ## - PHYSICAL DESCRIPTION
Extent 159p.
630 ## - SUBJECT ADDED ENTRY--UNIFORM TITLE
General subdivision General stack
650 ## - SUBJECT ADDED ENTRY--TOPICAL TERM
Topical term or geographic name entry element Antigone (Mythological character)
942 ## - ADDED ENTRY ELEMENTS (KOHA)
Koha item type BOOK
650 ## - SUBJECT ADDED ENTRY--TOPICAL TERM
Form subdivision Greek drama (Tragedy)
General subdivision SophoclesMythology, GreekEnglish
Holdings
Withdrawn status Lost status Damaged status Not for loan Home library Current library Date acquired Cost, normal purchase price Total Checkouts Full call number Barcode Shelving location Date last seen Price effective from Koha item type
        SB LIBRARY SB LIBRARY 09/11/2021 32.00   880.2 LAL-S 00090675 GENERAL STACK 09/11/2021 09/11/2021 BOOK

Powered by Koha